| 000 | 00626nam a2200253Ia 4500 | ||
|---|---|---|---|
| 005 | 20250425162028.0 | ||
| 008 | 250425s9999 xx 000 0 und d | ||
| 020 | _a9688805432 | ||
| 041 | _aspa | ||
| 043 | _amx | ||
| 082 | _a658.4012 | ||
| 100 | _aMINTZBERG, HENRY | ||
| 245 | 0 | _aBIBLIOTECA DE PLANEACION ESTRATEGICA | |
| 250 | _aS.E. | ||
| 260 | _aMEXICO | ||
| 260 |
_aMéxico _bPRENTICE-HALL HISPANOAMERICANA _c1995 |
||
| 300 | _a298 | ||
| 650 | _aESTRATEGIAS | ||
| 650 | _aESTRATEGIAS COMPETITIVAS | ||
| 650 | _aPLANEACION ESTRATEGICA | ||
| 700 | _aQUINN, JAMES BRIAN | ||
| 942 | _c01 | ||
| 010 | _a41299 | ||
| 999 |
_c220929 _d220929 |
||